000 01174nam a2200265 i 4500
001 18291
003 DO-SdUEMH
005 20260106152358.0
007 ta
008 260106s2013 dr a|||gr|||| 00| 0dspa d
040 _aDO-SdUEMH
_bspa
_erda
041 _aspa
082 1 4 _mRD
_bR696
100 1 _eaut
245 _aEl Delito de Trata de Personas /
_cJuan Aníbal Rodríguez
264 1 _aSanto Domingo, República Dominicana :
_c2013
264 4 _c©2013
300 _a123 páginas:
_bilustraciones ;
_c25 cm.
336 _2rdacontent
_atexto
_btxt
337 _2rdamedia
_asin mediación
_bn
338 _2rdacarrier
_avolumen
_bnc
504 _aContiene Información Bibliográfica a Final de la Obra.
505 2 _aAntecedentes históricos de la trata de personas -- Normativa Jurídica Internacional aplicable a la Trata de Personas -- Enfoques para la interpretación de normas jurídica aplicable a la trata de personas -- La protección jurídica de los Derechos de las víctimas de trata de personas -- El tipo penal de Trata de Personas en República Dominicana -- Técnicas especiales de investigación criminal de la Trata de Personas.
942 _2ddc
_cBK
_n0
999 _c18291
_d18291